| 000 | 01467nam a2200421 i 4500 | ||
|---|---|---|---|
| 001 | 5276 | ||
| 003 | KOSZ 005 | ||
| 005 | 20210824095002.0 | ||
| 008 | 010103s1978 pl a |001 0 pol | ||
| 015 | _aPB 1979/2321 | ||
| 035 | _a(OCoLC)316549026 | ||
| 040 |
_aWA N _cWA N _dKOSZ 005/HR |
||
| 041 | 1 |
_apol _hger |
|
| 046 | _k1973 | ||
| 080 | _a643/645 | ||
| 080 | _a331.101.1 | ||
| 100 | 1 |
_aGrandjean, Etienne _eAutor |
|
| 245 | 1 | 0 |
_aErgonomia mieszkania : _baspekty fizjologiczne i psychologiczne w projektowaniu / _cEtienne Grandjean ; [tł. z niem. Tadeusz Siemek]. |
| 246 | 1 |
_iTyt. oryg.: _aWohnpsysiologie : _bGrundlagen gesunden Wohnens, _f1973. |
|
| 260 |
_aWarszawa : _b"Arkady", _c1978. |
||
| 300 |
_a350 s. : _bil. ; _c25 cm. |
||
| 336 |
_2rdacontent _aTekst _btxt |
||
| 337 |
_2rdamedia _aBez urządzenia pośredniczącego _bn |
||
| 338 |
_2rdacarrier _aWolumin _bnc |
||
| 380 | _aKsiążki | ||
| 388 | _a1901-2000 | ||
| 388 | _a1945-1989 | ||
| 504 | _aBibliogr., bibliogr. uzup. do wyd. pol. - Indeks. | ||
| 650 | 4 | _aMieszkania | |
| 650 | 4 | _aProjektowanie wnętrz | |
| 650 | 4 | _aErgonomia | |
| 650 | 4 | _aWyposażenie mieszkań | |
| 658 | _aArchitektura i budownictwo | ||
| 700 | 1 |
_aSiemek, Tadeus _eTłumaczenie |
|
| 710 | 2 |
_aWydawnictwo Arkady _4pbl. |
|
| 856 |
_uhttp://koha.tu.koszalin.pl/cgi-bin/koha/opac-detail.pl?biblionumber=5276 _yKatalog online BPK |
||
| 942 |
_2UKD _cKS |
||
| 999 |
_c5276 _d5276 |
||